Guatemala contra YDIGORAS

Guardado en:
書目詳細資料
主要作者: Gutiérrez, Veronica M.
格式: Texto
出版: Guatemala: Asociación de Estudiantes Universitarios
標簽: 添加標簽
沒有標簽, 成為第一個標記此記錄!

MARC

LEADER 00000 a a2200000 04500
001 21323
003 #
040
090 |a 093400  
100 |a Gutiérrez, Veronica M.  
245 |a Guatemala contra YDIGORAS  
260 |a Guatemala:   |b Asociación de Estudiantes Universitarios  
300 |a 40 p.  
999 |c 1646  |d 1646